| 000 | 01051nam a2200313 i 4500 | ||
|---|---|---|---|
| 001 | 000034157 | ||
| 003 | DO-SdBNP | ||
| 005 | 20260602155056.0 | ||
| 007 | ta | ||
| 008 | 110926s1999 mx b r 000 0 spa d | ||
| 020 | _a9681658574 | ||
| 040 |
_aDO-SdBNP _bspa _cBNPHU _erda |
||
| 041 | _aspa | ||
| 082 | 4 |
_a972.9305 _bM938b _223 |
|
| 100 | 1 |
_aMoya Pons, Frank, _d1944- _eautor _4aut. _92095 |
|
| 245 | 1 | 0 |
_aBreve historia contemporánea de la República Dominicana / _cFrank Moya Pons. |
| 250 | _aPrimera edición | ||
| 264 | 4 |
_aMéxico : _bEditora Fondo de Cultura Económica, _c@1999. |
|
| 300 |
_a270 páginas : _bmapas ; _c17 cm |
||
| 336 |
_atexto _btxt _2rdacontent |
||
| 337 |
_asin mediación _bn _2rdamedia |
||
| 338 |
_avolumen _bnc _2rdacarrier |
||
| 490 | 1 |
_aPupular _v567 |
|
| 590 | _aInventariado, 2020/YL | ||
| 651 |
_aRepública Dominicana _xHistoria _ySiglo XIX _96900 |
||
| 651 |
_aRepública Dominicana _xHistoria _ySiglo SS _989846 |
||
| 651 |
_aRepública Dominicana _xPolítica y gobierno _ySiglo XX _989847 |
||
| 942 |
_2ddc _cLBS1 |
||
| 999 |
_c33648 _d33648 |
||